000 01506cam a2200361 a 4500
999 _c127967
_d127967
001 16808094
003 ARRUPE
005 20180424144551.0
008 110603s2012 nyuab b 001 0 eng
010 _a 2011023538
020 _a9780307719218
040 _aDLC
_cDLC
_dDLC
042 _apcc
043 _ad------
050 0 0 _aHB74.P65
_bA28 2012
082 0 0 _a330
_223
100 1 _aAcemoglu, Daron.
_941604
245 1 0 _aWhy nations fail :
_bthe origins of power, prosperity and poverty /
_cDaron Acemoglu and James A. Robinson.
260 _aLondon :
_bProfile Books,
_cc2012.
300 _a529 p. :
_bill., map ;
_c20 cm.
504 _aIncludes bibliographical references (p. [465]-509) and index.
650 0 _aEconomics
_xPolitical aspects.
_95052
650 0 _aEconomic history
_xPolitical aspects.
_941605
650 0 _aEconomic development
_zDeveloping countries.
_941010
650 0 _aRevolutions
_xEconomic aspects.
_941606
700 1 _aRobinson, James A.,
_d1960-
_941607
906 _a7
_bcbc
_corignew
_d1
_eecip
_f20
_gy-gencatlg
942 _2lcc
_cMONOGRAPH